000 00431nam a2200109Ia 4500
008 220620s9999||||xx |||||||||||||| ||und||
100 _aBoyle, Katie
245 0 _aEconomic and Social Rights Law
_bIncorporation, Justiciability and Principles of Adjudication
546 _aEnglish[eng]
650 _aequality & human rights||public law||human rights law & civil liberties||international law||social justice||human rights
942 _cEB
999 _c22448
_d22448